Guess the FNF Characters - Statistics

General Stats
  • This quiz has been taken 65 times
    16 since last reset
  • The average score is 41 of 88
Answer Stats
Hint Character % Correct
Main character Boyfriend/BF
93%
Week 1 Daddy Dearest
93%
On the speakers Girlfriend/GF
93%
Week 3 Pico
93%
Week 2 Pump
93%
Week 2 Skid
93%
Smoker Garcello
86%
Week 4 Mommy Mearest/Mommy MustMurder
86%
Zavodila Ruvyzvat/Ruv
86%
Gospel Sarvente/Sarv
86%
Blue hedgehog Sonic
86%
Week 7 Tankman
86%
Tall bomb guy Whitty/Whitmore
86%
Tall bomb guy's girlfriend Carol
79%
Week 2 Monster/Lemon Demon
79%
Week 5 Monster/Lemon Demon
79%
Casanova Selever
79%
Week 6 Senpai
79%
Invisible Russian guy withgoat skull Tabi
79%
Robot that likesbasketball Hex
71%
Detected IRIS Hex
71%
Week 5 backgroundcharacter Santa
71%
Evil version of bluehedgehog Sonic.exe
71%
Clown Tricky
71%
Rainbow Friends Blue
64%
Twinsomnia Boy
64%
Rainbow Friends Green
64%
Playtime Huggy Wuggy
64%
Rainbow Friends Orange
64%
Boyfriend's fangirl Sky
64%
Bald teacher wearinggreen shirt Baldi
57%
Machina Cassette Girl
57%
Week 4 backgroundcharacters Henchmen
57%
Week 5 Parents
57%
Green plant from a game Peashooter
57%
Twinsomnia Girl
50%
Rainbow Friends Purple
50%
Week 6 character in 3rdsong Spirit
50%
Background character/plant from previous character's mod Sunflower
50%
Corrupted purple unicornwith wings Twilight Sparkle
50%
Foolhardy Zardy
50%
Singularity A.C. Void
43%
Digidevil Agoti
43%
Purple plant from a game Chomper
43%
Boyfriend's sister Hatsune Miku
43%
Careless QT
43%
Razzy Stazzy Rasazy
43%
Weightless Void
43%
Red Digidevil Aldryx
36%
Tug Of War Annie
36%
Boyfriend's brother Big Bro
36%
Sussus Moogus Impostor
36%
Low-Rise Julian
36%
Censory-Overload KB
36%
Void Queen Nikusa
36%
Black, gray, and whiteRoblox Doors entity Rush
36%
One-eyed Roblox Doorsentity Seek
36%
Blue fire solarisapien Solazar
36%
Spider from Roblox Doors Timothy
36%
Cloud Updike
36%
Girlfriend's brother Beach Brother
29%
Blue Roblox Doors entitythat teleports Halt
29%
Cosmic K.O.U
29%
Lucky rabbit Oswald
29%
Girlfriend's sister Big Sis
21%
Bushwack 2nd opponent Cablecrow
21%
Lovey Kissy Missy
21%
Acidiron Minus RetroSpecter
21%
Preppy Minus Sakuroma
21%
One-eyed Roblox Doors entity but cat version Neko-Seek
21%
Wrath RetroSpecter
21%
Lust Sakuroma
21%
Cyrogenic Ace
14%
Night-Lights Cassette Goon
14%
Sloth Dozirc
14%
Operation Frog Song Fred The Frog
14%
Lockdown GSU
14%
Pride Izzurius
14%
Body Inversion Starecrown
14%
Fight Stickman
14%
Orange fire solarisapien'sson 06
7%
Envy Atrocean
7%
Orange fire solarisapien Daidem
7%
Greed Hivemine
7%
Gluttony Insatian
7%
Highlighted Nonsense
7%
Victim The Chosen One/TCO
7%
End-Process The Dark Lord/TDL
7%
No matching quizzes found
Score Distribution
Percent of People with Each Score
Percentile by Number Answered
Your Score History
You have not taken this quiz since the last reset